000 00716cam a2200265 4500
008 090401t1987 xxu||||| |||| 00| 0 eng d
020 _a010101922X
035 _a(Sirsi) u94283
041 _aeng
050 _a346.410438
110 _aEngland and Wales
_bLaw Commission
_93302
245 _aTransfer of land: the rule in Bain v. Fothergill . Presented to Parliament...July 1987
260 _aLondon
_bHMSO
_c1987
300 _aiv, 27p. ; 30cm
350 _a4.1
490 _aCm
_v192
520 _aAlso published as Law Com. No. 166
650 _aCONTRACT
650 _aCONVEYANCING
650 _aDAMAGES
650 _aDEFECT IN TITLE
650 _aFOTHERGILL
942 _n0
948 _c04/03/1997
999 _c97967
_d97967